000 00319nam a22001457a 4500
008 210302b ||||| |||| 00| 0 eng d
020 _a9780072994759
041 _aeng
080 _25th
_a336
082 _a336
100 _a56
101 _aFIN
245 _aCase Studies in Finance
_cBruner, R.F
942 _2udc
_cBK
999 _c55509
_d55509